000 00802nam a2200217 i 4500
001 42974
003 ES-MaACL
005 20250921063024.0
007 t|
008 180704s1970 sp ||||1| spa d
080 _a821.134.2-32"19"
100 1 _aAldecoa, Ignacio,
_d1925-1969
_919628
245 1 3 _aLa tierra de nadie y otros relatos /
_cIgnacio Aldecoa ; prólogo Ana María Matute.
260 _a[S.l.] :
_bSalvat :
_bAlianza,
_c1970.
300 _a188 p. ;
_c19 cm.
490 1 _aLibros "RTV" ;
_v45. Biblioteca Básica "Salvat"
700 1 _aMatute, Ana María,
_d1925-2014
_979165
830 0 _aLibros "RTV" ;
_v45. Biblioteca Básica "Salvat"
_9229848
852 _aES-MaACL
_jL-32177
_z.- Donat. herederos de la bibl. de Mª del Pilar Costa Palacín
999 _c42974
_d42974